Cactus y rosas / (Registro nro. 9239)
[ vista simple ]
| 000 -CABECERA | |
|---|---|
| campo de control de longitud fija | 00573nam a2200205 a 4500 |
| 001 - NÚMERO DE CONTROL | |
| campo de control | 000009479 |
| 003 - IDENTIFICADOR DEL NÚMERO DE CONTROL | |
| campo de control | OSt |
| 005 - FECHA Y HORA DE LA ÚLTIMA TRANSACCIÓN | |
| campo de control | 20240412074211.0 |
| 008 - DATOS DE LONGITUD FIJA--INFORMACIÓN GENERAL | |
| campo de control de longitud fija | 090930s1953 dr 000 p spa d |
| 040 ## - FUENTE DE LA CATALOGACIÓN | |
| Centro catalogador/agencia de origen | DO-SdBNP |
| Centro/agencia transcriptor | BNPHU |
| 049 ## - FONDOS LOCALES (OCLC) | |
| Fondos de biblioteca | BNPD |
| 082 74 - NÚMERO DE LA CLASIFICACIÓN DECIMAL DEWEY | |
| Número de clasificación | 861.4 |
| -- | O77c |
| Número de edición | 22 |
| 100 1# - ENTRADA PRINCIPAL--NOMBRE DE PERSONA | |
| Nombre de persona | Ortíz Marchena, A. |
| 9 (RLIN) | 24285 |
| 245 10 - MENCIÓN DE TÍTULO | |
| Título | Cactus y rosas / |
| Mención de responsabilidad, etc. | A. Ortíz Marchena. |
| 260 ## - PUBLICACIÓN, DISTRIBUCIÓN, ETC. | |
| Lugar de publicación, distribución, etc. | Ciudad Trujillo, República Dominicana : |
| Nombre del editor, distribuidor, etc. | Montalvo, |
| Fecha de publicación, distribución, etc. | 1953. |
| 300 ## - DESCRIPCIÓN FÍSICA | |
| Extensión | 124 p. : ; |
| Dimensiones | 22 cm. |
| 650 #0 - PUNTO DE ACCESO ADICIONAL DE MATERIA--TÉRMINO DE MATERIA | |
| Término de materia o nombre geográfico como elemento de entrada | Poesía dominicana |
| 9 (RLIN) | 66 |
| 650 #0 - PUNTO DE ACCESO ADICIONAL DE MATERIA--TÉRMINO DE MATERIA | |
| Término de materia o nombre geográfico como elemento de entrada | Literatura dominicana. |
| 9 (RLIN) | 67 |
| 942 ## - ELEMENTOS DE PUNTO DE ACCESO ADICIONAL (KOHA) | |
| Fuente del sistema de clasificación o colocación | Dewey Decimal Classification |
| Tipo de ítem Koha | Libro |
| Estado de retiro | Estado de pérdida | Fuente del sistema de clasificación o colocación | No para préstamo | Código de colección | Localización permanente | Ubicación/localización actual | Ubicación en estantería | Fecha de adquisición | Número de inventario | Total de préstamos | Signatura topográfica completa | Código de barras | Fecha visto por última vez | Número de copia | Precio válido a partir de | Tipo de ítem Koha | Nota pública | Restricciones de uso |
|---|---|---|---|---|---|---|---|---|---|---|---|---|---|---|---|---|---|---|
| Dewey Decimal Classification | Raros y valiosos | Biblioteca Nacional Pedro Henríquez Ureña | Biblioteca Nacional Pedro Henríquez Ureña | Depósito | 30.09.2009 | LF1 | BNPHU DS-RV 861.4 O77c | 9479-30 | 25.06.2020 | e. 3 | 25.06.2020 | Préstamo en sala | ||||||
| Dewey Decimal Classification | Raros y valiosos | Biblioteca Nacional Pedro Henríquez Ureña | Biblioteca Nacional Pedro Henríquez Ureña | Depósito | 30.09.2009 | LF1 | BNPHU DS-RV 861.4 O77c | 9479-40 | 25.06.2020 | e. 4 | 25.06.2020 | Préstamo en sala | ||||||
| Dewey Decimal Classification | Raros y valiosos | Biblioteca Nacional Pedro Henríquez Ureña | Biblioteca Nacional Pedro Henríquez Ureña | Depósito | 29.09.2011 | LF1 | BNPHU DS-RV 861.4 O77c | 9479-50 | 25.06.2020 | e. 5 | 25.06.2020 | Préstamo en sala | ||||||
| Dewey Decimal Classification | Raros y valiosos | Patrimonio Dominicano | Patrimonio Dominicano | Depósito | 30.09.2009 | LF1 | BNPHU PD-RV 861.4 O77c | 9479-10 | 25.06.2020 | 25.06.2020 | No se presta | Perteneció a la biblioteca personal de Martínez Boog. | ||||||
| Dewey Decimal Classification | Préstamo restrigido | Raros y valiosos | Patrimonio Dominicano | Patrimonio Dominicano | Depósito | 30.09.2009 | LF1 | BNPHU DS-RV 861.4 O77c | 9479-20 | 25.06.2020 | e. 2 | 25.06.2020 | No se presta | Préstamo restringido |
